000 00721nam a22001577a 4500
999 _c60987
_d60987
005 20231204151936.0
008 231204s1965 gw ||||| |||| 00| 0 ger d
041 _ager
080 _a656.61 L-24
100 _aLang, A.W.
_920565
245 _aEntwicklung, Aufbau und Verwaltung des Seezeichenwesens an der deutschen Nordseeküste bis zur Mitte des 19. Jahrhunderts /
_cA.W Lang.
264 _aBonn,
_c1965.
300 _a162 p.:
_bill.;
_c28 cm.
653 _aგერმანიის ჩრდილოეთ ზღვის სანაპიროზე ნაოსნობის განვითარება, სტრუქტურა და ადმინისტრირება
942 _2udc
_cBK